|
|
|
|
| LEADER |
01157naa a2200277 i 4500 |
| 001 |
acta84301 |
| 005 |
20240322133949.0 |
| 008 |
240322s2017 hu o 1|| eng d |
| 020 |
|
|
|a 978-963-306-530-3
|
| 040 |
|
|
|a SZTE Egyetemi Kiadványok Repozitórium
|b hun
|
| 041 |
|
|
|a eng
|
| 100 |
1 |
|
|a Elmaz Özkan
|
| 245 |
1 |
0 |
|a Growth performance of Honamli goat up to weaning age
|h [elektronikus dokumentum] :
|b [abstract] /
|c Elmaz Özkan
|
| 260 |
|
|
|a University of Szeged Faculty of Agriculture
|b Hódmezővásárhely
|c 2017
|
| 300 |
|
|
|a 36-37
|
| 490 |
0 |
|
|a Wellmann International Scientific Conference
|v 15
|
| 650 |
|
4 |
|a Mezőgazdaság-tudományok
|
| 650 |
|
4 |
|a Állattenyésztési és tejtermelési tudomány
|
| 695 |
|
|
|a Kecsketenyésztés - előadáskivonat
|
| 700 |
0 |
1 |
|a Saatci Mustafa
|e aut
|
| 700 |
0 |
2 |
|a Korkmaz Ağaoğlu Özgecan
|e aut
|
| 700 |
0 |
2 |
|a Akbaş Aykut Asım
|e aut
|
| 700 |
0 |
2 |
|a Metin Mahiye Özçelik
|e aut
|
| 700 |
0 |
2 |
|a Savun Özgür
|e aut
|
| 711 |
|
|
|a 15th Wellmann International Scientific Conference
|c Hódmezővásárhely
|d 2017. május 3.
|
| 856 |
4 |
0 |
|u http://acta.bibl.u-szeged.hu/84301/1/wellmann_abstracts_2017_036-037.pdf
|z Dokumentum-elérés
|